Improving teaching and learning through research /

Bibliographic Details
Other Authors: Stark, Joan S., Mets, Lisa A.
Format: Book
Language:English
Published: San Francisco : Jossey-Bass Inc., [1988]
Series:New directions for institutional research ; no. 57.
Jossey-Bass higher education series.
Subjects:

MARC

Tag First Indicator Second Indicator Subfields
LEADER 00000cam a2200000 a 4500
001 in00000034094
005 20151007055208.0
008 880310s1988 caua b 00100 eng d
010 |a  85645339  
020 |a 1555429203 
035 |a (OCoLC)17605247 
035 |9 AAB7541AM 
040 |a TXA  |c TXA  |d VPI  |d TXA  |d UtOrBLW 
049 |a TXAM  |c [A11074085] 
050 4 |a LB1028  |b .I484 1988 
245 0 0 |a Improving teaching and learning through research /  |c Joan S. Stark, Lisa A. Mets, editors. 
264 1 |a San Francisco :  |b Jossey-Bass Inc.,  |c [1988] 
264 4 |c ©1988 
300 |a 92 pages :  |b illustrations ;  |c 23 cm. 
336 |a text  |b txt  |2 rdacontent 
337 |a unmediated  |b n  |2 rdamedia 
338 |a volume  |b nc  |2 rdacarrier 
490 1 |a New directions for institutional research,  |x 0271-0579 ;  |v no. 57 
490 1 |a Paperback sourcebooks in the Jossey-Bass higher education series 
504 |a Includes bibliographical references and index. 
650 0 |a Education  |x Research. 
650 0 |a Teaching. 
650 0 |a Learning. 
700 1 |a Stark, Joan S. 
700 1 |a Mets, Lisa A. 
830 0 |a New directions for institutional research ;  |v no. 57. 
830 0 |a Jossey-Bass higher education series. 
999 |a MARS 
999 f f |s bea0269b-c846-363c-9ea0-0afbfbee2847  |i e3042734-d119-306d-9fdd-6f3dd13f429d  |t 0 
952 f f |p normal  |a Texas A&M University  |b College Station  |c Sterling C. Evans Library  |d Evans: Library Stacks  |t 0  |e LB1028 .I484 1988  |h Library of Congress classification  |i unmediated -- volume  |m A14811074085 
998 f f |a LB1028 .I484 1988  |t 0  |l Evans: Library Stacks